00246nam a22000977a 4500020002200000082001800022100002300040245002800063260003600091300002100127 a978-1-4987-0712-1 a621.3121bZAB aZabihian, Farshid  aPower Plant Engineering aBoca Raton :bCRC Press,c2021. axxvii, 1221 p. :